Bundesliga Gründungsmitglieder - Sudden Death - Statistiken

Allgemein
  • Dieses Quiz wurde 2.041 mal gespielt
  • Das Durchschnittsergebnis liegt bei 6 aus 16
Answers on the Grid
Answers color-coded by a green-red scale on the quiz's grid according to % correct below.
1. FC Kaiserslautern
1. FC Köln
1. FC Magdeburg
1. FC Nürnberg
1. FC Saarbrücken
Alemannia Aachen
Bayern München
Borussia Dortmund
Borussia Mönchengladbach
Eintracht Braunschweig
Eintracht Frankfurt
FC Schalke 04
Fortuna Düsseldorf
Hamburger SV
Hannover 96
Hertha BSC
Karlsruher SC
Mainz 05
Meidericher SV
Preusen Münster
SC Freiburg
TSV 1860 München
VFB Stuttgart
VFL Bochum
Werder Bremen
 
Antwortstatistiken
Antwort % Korrekt
1. FC Köln
74%
1. FC Kaiserslautern
58%
1. FC Nürnberg
57%
Hamburger SV
50%
Borussia Dortmund
49%
TSV 1860 München
42%
1. FC Saarbrücken
37%
Werder Bremen
37%
FC Schalke 04
33%
Eintracht Braunschweig
30%
VFB Stuttgart
30%
Eintracht Frankfurt
29%
Meidericher SV
28%
Hertha BSC
27%
Preusen Münster
27%
Karlsruher SC
15%
Keine übereinstimmenden Quizze gefunden
Verteilung der Resultate
Anzahl Personen mit jedem Resultat
Perzentil nach korrekt beantworteten Fragen
Ihre Resultats-Entwicklung
Sie haben dieses Quiz noch nicht gespielt